Jăng-Krixtôp T.4 Bụi cây rực cháy, ngày mới

Na minha lista:
Detalhes bibliográficos
Autor principal: Rôlăng, Rômanh
Outros Autores: Trần Hữu Mai (Dịch), Tảo Trang (Dịch)
Formato: Livro
Publicado em: H. Văn học 1981
Assuntos:
Tags: Adicionar Tag
Sem tags, seja o primeiro a adicionar uma tag!
Thư viện lưu trữ: Trung tâm Học liệu Lê Vũ Hùng, Trường Đại học Đồng Tháp
LEADER 01078pam a22002658a 4500
001 00022087
005 20171026081025.0
008 110527s1981 ||||||Viesd
041 0 # |a Vie 
082 1 # |a 843  |b J116K 
100 0 # |a Rôlăng, Rômanh 
245 0 0 |n T.4  |c Rômanh Rôlăng; Tảo Trang, Trần Hữu Mai...[những người khác] dịch  |p Bụi cây rực cháy, ngày mới  |a Jăng-Krixtôp 
260 # # |a H.  |b Văn học  |c 1981 
300 # # |a 436 tr.  |c 19 cm. 
500 # # |a Dịch theo bản tiếng Pháp 
653 # # |a Pháp 
653 # # |a Văn học hiện đại 
653 # # |a Tiểu thuyết 
700 0 # |a Trần Hữu Mai  |e Dịch 
700 0 # |a Tảo Trang  |e Dịch 
852 # # |b Kho đọc  |j KD.0007438 
852 # # |j KM.0010977  |j KM.0010132  |j KM.0010133  |j KM.0010120  |j KD.0007438  |j KM.0010131  |j KM.0010976 
852 # # |j KM.0010132, KM.0010133, KM.0010131, KM.0010120, KM.0010976, KM.0010977  |b Kho mượn 
910 # # |a Đức  |d 27/05/2011 
980 # # |a Trung tâm Học liệu Lê Vũ Hùng, Trường Đại học Đồng Tháp